000 00389nam a2200157Ia 4500
008 230711s9999||||xx |||||||||||||| ||und||
041 _aENG
082 _a720
_bAL-D
100 _aWatkins,Charmian  
245 0 _aDecorating with fabric : Liberty style 
250 _a1st . Ed.
260 _c1987
_aNew Delhi
_bSimon & Schuster
300 _a144
650 _aArchitecture
942 _cBK
999 _c2035
_d2035